Quizzes
Events
Quiz Creation
Community
Videos
Private Events
Remove Ads
Sign In
Join for FREE
Feedback
Dark Mode
Quiz Categories
Sports
Geography
Music
Movies
Television
Just For Fun
Miscellaneous
History
Literature
Language
Science
Gaming
Entertainment
Religion
Holiday
For Kids
Quiz Lab
Recent
Popular Today
Quiz Kudos Today
Editor Picks
Curator Picks
Quizzes by...
Day
Popularity
Type
Ratings
Length
Year
Community
Subscriptions
Recent Discussions
Orange Saloon
Badges
Playlists
Quests
Create
Leaderboards
Showdown
Live 5
Trivia Bingo
Activity
Puzzle Library
Sporcle Events
Private Events
Virtual Trivia
Globe League
Become a Host
Pub Owners
SporcleCon
Opinionation
Our Games
Videos
Blog
Mobile Apps
Partnerships
Remove Ads and Go Orange
Feedback
Movies
Disney
Marvel Cinematic Universe
Movie Resume
Movie Titles
Oscar
Actor
Actress
Director
Pixar
Role
Movie Quotes
Movie Characters
Box Office
Nominee
Best Picture
Star Wars
James Bond
Horror Movies
Movies
Disney
Marvel Cinematic Universe
Movie Resume
Movie Titles
Oscar
Actor
Actress
Director
Pixar
Role
Movie Quotes
Movie Characters
Box Office
Nominee
Best Picture
Star Wars
James Bond
Horror Movies
Random Quiz
Search Sporcle
×
Quiz Lab
Quiz Lab
Movies
Movie Quotes
Type in answers that appear in a list
Type in answers that appear in a list
Classic
Best Score? Go Orange.
Complete the Rain Man Quotes Stats
Can you name the missing word(s) from these Rain Man ?
By
djohnson87
5m
30 Questions
330 Plays
330 Plays
330 Plays
Comments
Comments
Give Quiz Kudos
Give Quiz Kudos
-
- Ratings
hide this ad
Replay
Link that replays current quiz
Next Quiz
Link to next quiz in quiz playlist
You Got
0%
They Got
Avg Score
54%
Avg Friend Score
Upgrade to see
Score Distribution
Jump to the score distribution portion of the page
Score
0/30
Timer
05:00
0
Plays Today
Quote
Missing Word(s)
% Correct
'I'm an _
_
_
_
_
driver'
excellent
92.4%
'Of course you can't have pancakes without _
_
_
_
_
_
_
_
_
_
_
_
_
_
'
maple syrup
84.8%
'Maple syrup is supposed to be on the table before the _
_
_
_
_
_
_
'
pancakes
84.8%
'Lights out at _
_
_
_
_
_
_
'
Eleven
81.8%
' We're _
_
_
_
_
_
_
_
cards.'
counting
78.5%
'I'm definitely not wearing my _
_
_
_
_
_
_
'
underwear
76.7%
'I'm gonna let ya' in on a little secret, Ray. _
_
_
_
_
_
sucks.'
K-Mart
72.7%
'When I was a little kid and I got scared, the _
_
_
_
_
_
_
would come and sing to me.'
Rain Man
72.7%
''Bout a _
_
_
_
_
_
dollars.'
hundred
71.8%
[after Susanna kisses Raymond] Susanna: How was that? Raymond: _
_
_
Wet
68.2%
'I like to drive slow on the _
_
_
_
_
_
_
_
_
.'
driveway
64.2%
'Hot water burn _
_
_
_
!'
baby
63.3%
'97X, _
_
_
! The future of rock 'n' roll.'
bam
52.1%
'I get my boxer shorts at K-
Mart in _
_
_
_
_
_
_
_
_
'
Cincinnati
48.8%
'_
_
_
_
_
never crashed'
QANTAS
48.5%
Quote
Missing Word(s)
% Correct
'Sorry I even brought this up. You're right, Ray, you got a date with the only famous dancing _
_
_
_
_
_
in Las Vegas'
hooker
48.2%
[counting toothpicks] '_
_
_
total.'
246
48.2%
'Disappointed? Why should I be disappointed? I got _
_
_
_
_
_
_
_
didn't I?'
rose bushes
47.9%
'Monday night is _
_
_
_
_
_
night'
Italian
47%
'Shut up! He is answering a question from a _
_
_
_
_
_
_
_
ago!'
half hour
43%
'Have to get to K-
Mart. 400 _
_
_
Street'
Oak
42.1%
'One minute to _
_
_
_
_
_
'
Wapner
41.8%
'Are you taking any _
_
_
_
_
_
_
_
_
_
_
_
_
_
_
_
_
_
_
_
_
?'
prescription medication
41.5%
'You're like the comedy of Abbott and _
_
_
_
_
_
'
Abbott
40.9%
'How did you know my _
_
_
_
_
_
_
_
_
_
_
?'
phone number
38.2%
'Uh oh! Uh oh, _
-
_
-
_
-
_
!'
V-E-R-N
28.8%
'Wednesday is _
_
_
_
_
_
_
_
_
_
_
.'
fish sticks
27.6%
'Of course the _
_
_
_
_
_
_
is in the bathroom'
shower
26.4%
'I'm not sure but I don't think _
_
_
_
_
_
are his first priority'
people
24.5%
'That's alright _
_
_
_
_
'cause we're just talking.'
sugar
13.3%
Quiz Playlist
Details
Report
Send in Message
Add To Playlist
Classic:
Type in answers that appear in a list
Quiz Source
Last Updated: Feb 16, 2017
Quiz Scoreboard
CHALLENGE
Sign Up to Join the Scoreboard
Show All
Scores
Hide
Comments
May contain spoilers
Recently Published
NBA Finals Game Top Scorers (2010s)
by flibbidy
Sports
5m
Guess the 'R' Things in 3 Words
by MSUKent
Miscellaneous
3m
Actor to Badly Drawn Movie III
by MoMosMoProblems
Movies
5m
More to Explore
Quiz From the Vault
Featured Blog Post
Where Does Lost Luggage Go?
hide this ad
You Might Also Like...
Tags
Movie Quotes Quiz
1988
Dustin Hoffman
Tom Cruise
Today's Top Quizzes in Movies
Browse Movies
hide this ad
Today's Top Quizzes in Movie Quotes
Browse Movie Quotes
Top Contributed Quizzes in Movies
1
Pixar Reveal II
2
How Long Is the Movie Title?
3
Pixar Reveal III
4
10 Quentin Tarantino Movies in Order
5
Adjectives in 00s Movies
6
Pixar Reveal IV
7
Movie Stars Gone to the Dogs
8
Adjectives in 10s Movies
9
Pixar Reveal V
10
Adjectives in 90s Movies
Explore More
Trending Topics
Anime
Crossword
Marvel
Kpop
Disney
NBA
Harry Potter
The Office
Song
Puzzle
Country
Soccer
WWE
Pokémon
NFL
hide this ad
More By:
djohnson87
Quiz
Plays
Rating
Category
Featured
Created
NBA Top 10 (2000s)
604,536
4.47
Sports
Nov 15, 2009
NFL 100 Yard Rushers (2008)
199,798
4.23
Sports
Nov 9, 2009
NBA Top 10 (1990s)
162,801
4.51
Sports
Apr 4, 2010
NBA Playoffs Top 10 (2000s)
140,837
4.71
Sports
Jun 6, 2015
John Cena PPV Opponents
118,038
4.34
Sports
Dec 13, 2009
Go to Creator's Profile
Score Distribution
Quiz Creator Spotlight
djohnson87
Follow
Send a Message
Quizzes Created
-
Created Quiz Play Count
-
More By This Creator
Popular Quizzes Today
1
Find the US States - No Outlines Minefield
2
Find the US States
3
The Countries of the World
4
10 Largest US States in Order
5
Find the Countries of Europe - No Outlines Minefield
6
US States
7
Guess the 'R' Things in 3 Words
8
NBA Finals Game Top Scorers (2010s)
More Movies Quizzes
Critics Choice: Best in Franchise
Quiz Lab
Trending Quizzes
First Name TV: Leading Men
Match the Book to the Film II
First Name TV: Leading Women Drama
3-Word Movies in 1 Word II
Match the Book to the Film VI
Recently Updated
Women's Final Four Teams by Year
bhenderson79
Presidents Quartet II
eogle
Anything But Clue(do)
eogle
Anything But Oceanian Capitals
eogle
Anything But 7
eogle
Anything But Thing
eogle
Word Ladder: February 29
pecheneg
Song Title Questions
pecheneg
Women's NCAA Tournament #1 Seeds
pecheneg
Celebrity Mug Shots
pecheneg
Trending Topics
Kpop
Crossword
Marvel
Disney
Anime
Harry Potter
NBA
Pokémon
Soccer
The Office
Country
NFL
Puzzle
WWE
Song
Your Account Isn't Verified!
In order to create a playlist on Sporcle, you need to verify the email address you used during registration. Go to your
Sporcle Settings
to finish the process.
Report this User
Report this user for behavior that violates our
Community Guidelines
.
Details:
Send Report
Go to the Sporcle.com Mobile Site →
Comments